000
00266nam a2200097Ia 4500
008
220204s9999 xx 000 0 und d
082
_a
339.1
_b
IND
245
0
_a
Meeting of Advisory council on trade
260
_a
New delhi
_b
Ministry of Foreign trade
_c
1969
942
_c
BK
999
_c
22213
_d
22213